[Event "Saint Louis Blitz 2020"]
[Site "Internet"]
[Date "19.09.2020"]
[Round "13B"]
[White "Firouzja,Alireza"]
[Black "Nakamura,Hi"]
[Result "0-1"]
[WhiteElo "2728"]
[BlackElo "2736"]
[EventDate "2020.09.15"]

1. e4 e5 2. Nf3 Nc6 3. Bb5 Nf6 4. d3 Bc5 5. Bxc6 dxc6 6. O-O Bd6 7. Bg5 h6
8. Bh4 Qe7 9. Nbd2 Bg4 10. Nc4 O-O-O 11. h3 Bh5 12. Qe2 g5 13. Bg3 g4 14.
hxg4 Bxg4 15. Bh4 Rdg8 16. d4 exd4 17. e5 Rg6 18. Rae1 Rhg8 19. Bg3 Nh5 20.
exd6 Qxe2 21. Rxe2 Bxf3 22. gxf3 cxd6 23. Kh2 Nxg3 24. fxg3 b5 25. Na5 Kc7
26. Rg1 Kb6 27. Nb3 c5 28. Re7 Rf6 29. Nd2 h5 30. Kg2 d5 31. Rh1 Rg5 32.
Kf2 Rfg6 33. Nf1 Rf5 34. Re8 Re6 35. Rxe6+ fxe6 36. Rh4 e5 37. Ke2 c4 38.
b4 a5 39. a3 axb4 40. axb4 Kc6 41. Nd2 Kd6 42. Rh1 Rf8 43. Rxh5 Ra8 44.
Rh6+ Ke7 45. Rh5 Kd6 46. Rh6+ Ke7 47. Rh5 Ra2 48. Kd1 Ra1+ 49. Ke2 Rc1 50.
Rxe5+ Kd6 51. Rh5 Rxc2 52. Kd1 Ra2 53. Rh6+ Kc7 54. Rh7+ Kd6 55. Rh6+ Ke7
56. Rh7+ Ke6 57. Rh6+ Kf7 58. Rh7+ Kg6 59. Rd7 d3 60. Ke1 c3 61. Nb3 Rb2
62. Rxd5 Rxb3 63. Rxd3 Rb1+ 0-1

[Event "Saint Louis Blitz 2020"]
[Site "Internet"]
[Date "19.09.2020"]
[Round "14B"]
[White "Dominguez Perez,L"]
[Black "Carlsen,M"]
[Result "1/2-1/2"]
[WhiteElo "2758"]
[BlackElo "2863"]
[EventDate "2020.09.15"]

1. e4 e5 2. Nf3 Nc6 3. Bb5 Nge7 4. Nc3 Ng6 5. d4 exd4 6. Nxd4 Nxd4 7. Qxd4
c6 8. Be2 Qb6 9. Qd3 d6 10. O-O Be7 11. Be3 Qxb2 12. f4 Qa3 13. Bd4 O-O 14.
Rad1 Qa5 15. Qg3 Bh4 16. Qf3 c5 17. Bf2 Bxf2+ 18. Rxf2 Nxf4 19. Rxd6 Nxe2+
20. Nxe2 Qxa2 21. Nc3 Qa5 22. Nd5 h6 23. Rxh6 Qa1+ 24. Rf1 Qd4+ 25. Kh1
gxh6 26. Nf6+ Kg7 27. Qg3+ Kh8 28. Qf4 Kg7 29. Qg3+ Kh8 30. Qf4 Kg7 31.
Qg3+ 1/2-1/2

[Event "Saint Louis Blitz 2020"]
[Site "Internet"]
[Date "19.09.2020"]
[Round "14B"]
[White "Firouzja,Alireza"]
[Black "So,W"]
[Result "1/2-1/2"]
[WhiteElo "2728"]
[BlackElo "2770"]
[EventDate "2020.09.15"]

1. e4 e5 2. Nf3 Nc6 3. Bb5 Nf6 4. d3 Bc5 5. Bxc6 dxc6 6. O-O Nd7 7. c3 O-O
8. d4 Bd6 9. Bg5 f6 10. Bh4 Qe7 11. Re1 a5 12. Nbd2 Qf7 13. Bg3 Re8 14. b3
a4 15. Qc2 axb3 16. axb3 Rxa1 17. Rxa1 exd4 18. cxd4 Nb6 19. h3 Bxg3 20.
fxg3 Be6 21. Ra7 Rb8 22. Kh2 h6 23. b4 Nc8 24. Ra1 Nd6 25. Rf1 Nb5 26. Nb1
Rd8 27. Qb2 Qd7 28. Rd1 f5 29. exf5 Bxf5 30. Nc3 Be6 31. Nxb5 cxb5 32. Qc3
Qd6 33. Ne5 Bd5 34. Rd2 c6 35. Rf2 Rf8 36. Rxf8+ Qxf8 37. Qd2 Qf5 38. Nd3
Kf7 39. Qe3 b6 40. Ne5+ Kg8 41. Qe2 Kf8 1/2-1/2

[Event "Saint Louis Blitz 2020"]
[Site "Internet"]
[Date "19.09.2020"]
[Round "14B"]
[White "Grischuk,A"]
[Black "Nakamura,Hi"]
[Result "1/2-1/2"]
[WhiteElo "2777"]
[BlackElo "2736"]
[EventDate "2020.09.15"]

1. d4 Nf6 2. c4 e6 3. Nc3 Bb4 4. e3 O-O 5. Bd3 c5 6. Nf3 d5 7. cxd5 cxd4 8.
exd4 Nxd5 9. O-O Nc6 10. Bc2 Be7 11. Qd3 g6 12. a3 Bf6 13. Bh6 Bg7 14. Bxg7
Kxg7 15. Bb3 Nce7 16. Nxd5 Nxd5 17. Qe4 Nf6 18. Qe5 Bd7 19. d5 exd5 20.
Bxd5 Qb6 21. b4 Bb5 22. Rfe1 Rad8 23. Bb3 Bc6 24. Qc3 Rc8 25. h3 Bd5 26.
Qd3 Rfd8 27. Bxd5 Rxd5 28. Qb3 Qd6 29. Rad1 Rd8 30. Rxd5 Qxd5 31. Qb2 Qd6
32. Re2 Qf4 33. Rd2 Rxd2 34. Nxd2 Kg8 35. Qc3 Ne4 36. Nxe4 Qxe4 37. g3 h5
38. h4 a6 39. a4 Qd5 40. a5 Qe4 41. Qc8+ Kg7 42. Qc3+ Kg8 43. Qc8+ Kg7 44.
Qc3+ Kg8 1/2-1/2

[Event "Saint Louis Blitz 2020"]
[Site "Internet"]
[Date "19.09.2020"]
[Round "14B"]
[White "Nepomniachtchi,I"]
[Black "Xiong,Jeffery"]
[Result "0-1"]
[WhiteElo "2784"]
[BlackElo "2709"]
[EventDate "2020.09.15"]

1. e4 e5 2. Bc4 Nf6 3. d3 Bc5 4. Nc3 Nc6 5. f4 d6 6. Nf3 Bg4 7. Na4 Bb6 8.
Nxb6 axb6 9. a3 d5 10. exd5 Nxd5 11. O-O O-O 12. h3 Bxf3 13. Qxf3 Nxf4 14.
Bxf4 exf4 15. Qxf4 Qd4+ 16. Rf2 Qxb2 17. Re1 Qxa3 18. Qxc7 Qc5 19. Qxb7 Ra7
20. Bxf7+ Kh8 21. d4 Qxd4 22. Re8 Rxe8 23. Qxc6 Rf8 0-1

[Event "Saint Louis Blitz 2020"]
[Site "Internet"]
[Date "19.09.2020"]
[Round "14B"]
[White "Aronian,L"]
[Black "Harikrishna,P"]
[Result "1-0"]
[WhiteElo "2773"]
[BlackElo "2732"]
[EventDate "2020.09.15"]

1. e4 c5 2. Nf3 d6 3. c3 Nf6 4. h3 g6 5. Bd3 Bg7 6. Bc2 e5 7. d4 exd4 8.
cxd4 O-O 9. O-O cxd4 10. Nxd4 d5 11. e5 Ne4 12. Bf4 Nc6 13. Nxc6 bxc6 14.
Bxe4 dxe4 15. Qxd8 Rxd8 16. Nc3 e3 17. fxe3 Bf5 18. Rac1 Bd3 19. Rfd1 c5
20. Na4 c4 21. b3 cxb3 22. axb3 Be2 23. Rxd8+ Rxd8 24. Rc7 h6 25. Nc5 Re8
26. Kf2 Bb5 27. Rxa7 g5 28. Bg3 Rc8 29. b4 Bf8 30. Ra5 Bc4 31. Kg1 Rb8 32.
Nd7 Bxb4 33. Ra4 Bb3 34. Ra6 Rd8 35. Nf6+ Kg7 36. Rb6 Rd1+ 37. Kh2 Bc3 1-0

[Event "Saint Louis Blitz 2020"]
[Site "Internet"]
[Date "19.09.2020"]
[Round "15B"]
[White "Carlsen,M"]
[Black "Harikrishna,P"]
[Result "1-0"]
[WhiteElo "2863"]
[BlackElo "2732"]
[EventDate "2020.09.15"]

1. e4 e6 2. d4 d5 3. e5 c5 4. c3 Qb6 5. Nf3 Nc6 6. Bd3 cxd4 7. O-O Bd7 8.
Nbd2 Rc8 9. Nb3 dxc3 10. bxc3 Qc7 11. Re1 Nge7 12. h4 Ng6 13. Qe2 Be7 14.
h5 Ngxe5 15. Nxe5 Qxe5 16. Qxe5 Nxe5 17. Rxe5 Bf6 18. Re3 Rxc3 19. Rb1 d4
20. Rg3 O-O 21. Bb2 Rfc8 22. Bxc3 dxc3 23. Rd1 Bc6 24. Bc2 Kf8 25. Re3 b6
26. Nd4 Bd5 27. a4 g6 28. hxg6 hxg6 29. Nb5 Rc4 30. Nxa7 Rb4 31. Nb5 Rb2
32. Rc1 Bg5 33. Nxc3 Bxe3 34. fxe3 Bc6 35. Be4 Bd7 36. Bd3 Bc6 37. Rc2 Rb4
38. Bb5 Bxb5 39. axb5 Rc4 40. Kf2 Ke7 41. Ke2 f5 42. Kd3 Rb4 43. Ra2 Kf6
44. Ra6 Rb2 45. Rxb6 Rxg2 46. Nd5+ Ke5 47. Nf4 1-0

[Event "Saint Louis Blitz 2020"]
[Site "Internet"]
[Date "19.09.2020"]
[Round "15B"]
[White "Xiong,Jeffery"]
[Black "Aronian,L"]
[Result "1/2-1/2"]
[WhiteElo "2709"]
[BlackElo "2773"]
[EventDate "2020.09.15"]

1. e4 e5 2. Nf3 Nc6 3. d4 exd4 4. Nxd4 Nf6 5. Nxc6 bxc6 6. e5 Qe7 7. Qe2
Nd5 8. c4 Ba6 9. f4 Nb6 10. b3 d5 11. exd6 cxd6 12. Bb2 O-O-O 13. Qxe7 Bxe7
14. Nd2 d5 15. O-O-O dxc4 16. Bxc4 Nxc4 17. Nxc4 f6 18. Kc2 Bxc4 19. bxc4
Bb4 20. Bc3 Bxc3 21. Kxc3 Rxd1 22. Rxd1 Re8 23. g3 Kc7 24. Rd2 a5 25. c5
Re3+ 26. Kc4 Re4+ 27. Kc3 Re3+ 28. Kc4 Re4+ 29. Kc3 Re3+ 1/2-1/2

[Event "Saint Louis Blitz 2020"]
[Site "Internet"]
[Date "19.09.2020"]
[Round "15B"]
[White "Nakamura,Hi"]
[Black "Nepomniachtchi,I"]
[Result "1/2-1/2"]
[WhiteElo "2736"]
[BlackElo "2784"]
[EventDate "2020.09.15"]

1. e4 c5 2. Nf3 d6 3. Nc3 Nf6 4. h3 a6 5. a4 Nc6 6. d4 cxd4 7. Nxd4 Bd7 8.
Nb3 g6 9. a5 Bg7 10. Be3 O-O 11. Be2 Be6 12. Bb6 Qc8 13. O-O Nd7 14. Na4
Bxb3 15. cxb3 Qe8 16. Qd2 Nxb6 17. Nxb6 Rd8 18. b4 Nd4 19. Bc4 e6 20. Rfe1
Qe7 21. Rad1 Rfe8 22. Re3 Qg5 23. Rd3 Qxd2 24. R3xd2 Nc6 25. Rxd6 Bxb2 26.
Rxd8 1/2-1/2

[Event "Saint Louis Blitz 2020"]
[Site "Internet"]
[Date "19.09.2020"]
[Round "15B"]
[White "So,W"]
[Black "Grischuk,A"]
[Result "1/2-1/2"]
[WhiteElo "2770"]
[BlackElo "2777"]
[EventDate "2020.09.15"]

1. d4 Nf6 2. c4 e6 3. Nc3 Bb4 4. Qc2 O-O 5. e4 d5 6. e5 Ne4 7. Bd3 c5 8.
Nf3 cxd4 9. Nxd4 Nd7 10. Bf4 Qh4 11. g3 Qh5 12. O-O g5 13. cxd5 gxf4 14.
Bxe4 Nxe5 15. dxe6 Bxe6 16. Nce2 Ng4 17. Nf3 fxg3 18. hxg3 Rac8 19. Qa4 Bd6
20. Rac1 Rxc1 21. Rxc1 Ne5 22. Rc3 1/2-1/2

[Event "Saint Louis Blitz 2020"]
[Site "Internet"]
[Date "19.09.2020"]
[Round "15B"]
[White "Dominguez Perez,L"]
[Black "Firouzja,Alireza"]
[Result "0-1"]
[WhiteElo "2758"]
[BlackElo "2728"]
[EventDate "2020.09.15"]

1. e4 c5 2. Nf3 Nc6 3. d4 cxd4 4. Nxd4 Nf6 5. Nc3 d6 6. Bg5 e6 7. Qd2 a6 8.
O-O-O Bd7 9. f3 Nxd4 10. Qxd4 Be7 11. h4 Qc7 12. Kb1 b5 13. Qd2 Rb8 14. Bd3
b4 15. Ne2 a5 16. g4 h5 17. gxh5 Nxh5 18. Bxe7 Kxe7 19. Rhg1 g6 20. Qg5+
Nf6 21. Nf4 Qc5 22. Rde1 Qxg5 23. hxg5 Ne8 24. Rh1 Nc7 25. Bc4 Bb5 26. Bxb5
Rxh1 27. Rxh1 Rxb5 28. Rg1 e5 29. Nd3 Ne6 30. b3 Rb8 31. Kb2 Rh8 32. a3
bxa3+ 33. Kxa3 Nd4 34. f4 Nxc2+ 35. Ka4 Rh3 36. Rd1 Ne3 37. Rd2 exf4 38.
Nxf4 Rh4 39. Nd5+ Nxd5 40. Rxd5 Rxe4+ 41. Kxa5 Ke6 42. Rb5 d5 43. b4 d4 44.
Rb8 d3 45. Re8+ Kd5 46. Rd8+ Kc4 47. b5 Re5 48. Rc8+ Rc5 49. Rb8 d2 0-1

[Event "Saint Louis Blitz 2020"]
[Site "Internet"]
[Date "19.09.2020"]
[Round "16B"]
[White "Carlsen,M"]
[Black "Firouzja,Alireza"]
[Result "1/2-1/2"]
[WhiteElo "2863"]
[BlackElo "2728"]
[EventDate "2020.09.15"]

1. e4 c6 2. d4 d5 3. exd5 cxd5 4. Bd3 Nc6 5. c3 Nf6 6. Bf4 Bg4 7. Qb3 Qd7
8. Nd2 e6 9. Ngf3 Bd6 10. Bxd6 Qxd6 11. O-O O-O 12. Rfe1 Ne7 13. Ne5 Bf5
14. a4 Bxd3 15. Nxd3 Rab8 16. a5 Ng6 17. g3 Rfc8 18. Qb4 Qxb4 19. Nxb4 Ne7
20. Nd3 Nf5 21. Ra4 Nd6 22. Kf1 Rc7 23. Ke2 g6 24. Rb4 Kg7 25. Ra1 Nfe4 26.
Nxe4 Nxe4 27. Ra3 Nd6 28. Nc5 Re8 29. Rab3 Ree7 30. f4 h6 31. Kf3 Kf6 32.
g4 Kg7 33. Kg3 Kf6 34. h3 Kg7 35. Kg2 Kf6 36. Kg3 Kg7 37. Kg2 Kf6 38. Kg3
1/2-1/2

[Event "Saint Louis Blitz 2020"]
[Site "Internet"]
[Date "19.09.2020"]
[Round "16B"]
[White "Grischuk,A"]
[Black "Dominguez Perez,L"]
[Result "1/2-1/2"]
[WhiteElo "2777"]
[BlackElo "2758"]
[EventDate "2020.09.15"]

1. d4 Nf6 2. c4 e6 3. Nc3 Bb4 4. e3 O-O 5. Bd3 d5 6. cxd5 exd5 7. Nge2 Re8
8. O-O Bd6 9. Bd2 b6 10. Rc1 c5 11. Ng3 Bf8 12. dxc5 bxc5 13. Nce2 Nbd7 14.
Bc3 Bb7 15. Nf4 a6 16. Qd2 Ne5 17. Rfd1 g6 18. Be2 Rc8 19. b4 c4 20. Bxe5
Rxe5 21. Bxc4 Qb6 22. Bb3 Rxc1 23. Qxc1 Bxb4 24. Nd3 Re7 25. Nxb4 Qxb4 26.
h3 a5 27. Qa1 Qb6 28. Ne2 Ne4 29. Qd4 Qxd4 30. Rxd4 Rc7 31. f3 Nc3 32. Kf2
Kg7 33. Nf4 Nxa2 34. Nxd5 Bxd5 35. Rxd5 Rb7 36. Bxa2 Rb2+ 37. Kg3 Rxa2 38.
e4 h5 39. h4 Kf6 40. Kf4 Rxg2 41. Rxa5 Rh2 42. Ra6+ Kg7 43. Kg3 Rb2 44. Ra7
Rb1 45. Rc7 Ra1 46. Rb7 Rc1 47. Ra7 Rb1 48. Rc7 Ra1 49. Rb7 Rc1 50. Ra7 Rb1
1/2-1/2

[Event "Saint Louis Blitz 2020"]
[Site "Internet"]
[Date "19.09.2020"]
[Round "16B"]
[White "Nepomniachtchi,I"]
[Black "So,W"]
[Result "0-1"]
[WhiteElo "2784"]
[BlackElo "2770"]
[EventDate "2020.09.15"]

1. e4 e5 2. Nc3 Nf6 3. d4 exd4 4. Qxd4 Nc6 5. Qd3 Bc5 6. Bf4 O-O 7. O-O-O
Re8 8. f3 d6 9. Qd2 Be6 10. Kb1 a6 11. Nge2 b5 12. Nc1 Ne5 13. Bg5 h6 14.
Be3 Bxe3 15. Qxe3 b4 16. N3e2 a5 17. Nf4 a4 18. h4 Qe7 19. g4 a3 20. b3
Bxg4 21. fxg4 Nexg4 22. Qd4 c5 23. Qxd6 Qxd6 24. Rxd6 Nxe4 25. Rd7 Ngf2 26.
Bc4 Nxh1 27. Bxf7+ Kh7 28. Nce2 Nhg3 29. Bg6+ Kh8 0-1

[Event "Saint Louis Blitz 2020"]
[Site "Internet"]
[Date "19.09.2020"]
[Round "16B"]
[White "Nakamura,Hi"]
[Black "Aronian,L"]
[Result "1/2-1/2"]
[WhiteElo "2736"]
[BlackElo "2773"]
[EventDate "2020.09.15"]

1. e4 e5 2. Nf3 Nc6 3. Bb5 Nf6 4. O-O Nxe4 5. d4 Nd6 6. dxe5 Nxb5 7. a4
Nbd4 8. Nxd4 d6 9. exd6 Nxd4 10. Qxd4 Qxd6 11. Qe4+ Qe6 12. Qd4 Qd6 13.
Qe4+ Qe6 14. Qd4 Qd6 1/2-1/2

[Event "Saint Louis Blitz 2020"]
[Site "Internet"]
[Date "19.09.2020"]
[Round "16B"]
[White "Harikrishna,P"]
[Black "Xiong,Jeffery"]
[Result "1-0"]
[WhiteElo "2732"]
[BlackElo "2709"]
[EventDate "2020.09.15"]

1. e4 c5 2. Nf3 d6 3. d4 cxd4 4. Nxd4 Nf6 5. Nc3 a6 6. Bd3 e5 7. Nde2 Be7
8. O-O O-O 9. Ng3 b5 10. Bg5 Be6 11. a4 b4 12. Nd5 Bxd5 13. exd5 g6 14. a5
Nbd7 15. Bc4 Nc5 16. Bd2 Rb8 17. b3 Qc7 18. Qe1 Qb7 19. f4 exf4 20. Bxf4
Rfe8 21. Qf2 Nfe4 22. Qf3 f5 23. Nxe4 Nxe4 24. g4 Bf6 25. Rad1 fxg4 26.
Qxg4 Bg7 27. Kg2 Re7 28. Rde1 Rbe8 29. Re3 Qc7 30. Rfe1 Kh8 31. Qf3 Nc5 32.
Rxe7 Rxe7 33. Rxe7 Qxe7 34. Qe3 Qd7 35. Qh3 Qd8 36. Be3 Be5 37. Qf3 Kg7 38.
Qg4 Qxa5 39. h4 Qa2 40. Bxc5 Qxc2+ 41. Bf2 h5 42. Qe2 Qf5 43. Qf3 Qc8 44.
Bg3 Bxg3 45. Qxg3 Qf5 46. Qxd6 Qe4+ 47. Kf2 Qd4+ 48. Ke2 Qe4+ 49. Kd2 Qd4+
50. Bd3 Qc3+ 51. Ke3 Qc1+ 52. Ke4 Qe1+ 53. Kd4 Qc3+ 54. Ke3 Qe1+ 55. Kf3
Qd1+ 56. Be2 Qh1+ 57. Kf2 Qxh4+ 58. Ke3 Qg5+ 59. Kf2 Qh4+ 60. Kg2 Qe4+ 61.
Bf3 Qc2+ 62. Kg3 Qc3 63. Qe7+ Kh6 64. d6 g5 65. d7 h4+ 66. Kg4 Qd4+ 67. Kh3
g4+ 68. Bxg4 1-0

[Event "Saint Louis Blitz 2020"]
[Site "Internet"]
[Date "19.09.2020"]
[Round "17B"]
[White "Xiong,Jeffery"]
[Black "Carlsen,M"]
[Result "0-1"]
[WhiteElo "2709"]
[BlackElo "2863"]
[EventDate "2020.09.15"]

1. b3 e5 2. Bb2 Nc6 3. e3 Nf6 4. Nf3 d6 5. d4 e4 6. Nfd2 d5 7. c4 Ne7 8.
Be2 h5 9. Ba3 c6 10. Nc3 Nf5 11. Bxf8 Kxf8 12. Qc1 g6 13. Qa3+ Kg7 14. h3
Be6 15. Rc1 a6 16. Qb4 Rb8 17. cxd5 cxd5 18. Na4 Nd7 19. Nc5 Nxc5 20. dxc5
Qg5 21. g3 Qf6 22. Qc3 a5 23. O-O Ne7 24. Kg2 Qxc3 25. Rxc3 h4 26. g4 f5
27. f3 d4 28. exd4 Nd5 29. Nb1 Nf4+ 30. Kf2 Nxh3+ 31. Ke1 exf3 32. Rfxf3
fxg4 33. Rfe3 Bf5 34. Nd2 Nf4 35. Bc4 Ng2+ 0-1

[Event "Saint Louis Blitz 2020"]
[Site "Internet"]
[Date "19.09.2020"]
[Round "17B"]
[White "Nakamura,Hi"]
[Black "Harikrishna,P"]
[Result "1/2-1/2"]
[WhiteElo "2736"]
[BlackElo "2732"]
[EventDate "2020.09.15"]

1. e4 c6 2. Nc3 d5 3. Nf3 Bg4 4. h3 Bxf3 5. Qxf3 e6 6. g3 Nf6 7. Bg2 dxe4
8. Nxe4 Nxe4 9. Qxe4 Qd5 10. O-O Qxe4 11. Bxe4 a5 12. d4 Nd7 13. c4 Nf6 14.
Bf3 Bd6 15. Rd1 O-O 16. Be3 Rfd8 17. Rac1 Be7 18. d5 exd5 19. cxd5 Nxd5 20.
Bxd5 cxd5 21. Rc7 Bf6 22. Rxb7 d4 23. Bd2 a4 24. Kf1 h6 25. h4 h5 26. Bf4
d3 27. a3 Rac8 28. Rb4 Rc2 29. Rxa4 Bxb2 30. Be3 Rc3 31. Rd4 Ra8 32. Rd5
Rcxa3 33. R1xd3 1/2-1/2

[Event "Saint Louis Blitz 2020"]
[Site "Internet"]
[Date "19.09.2020"]
[Round "17B"]
[White "So,W"]
[Black "Aronian,L"]
[Result "1-0"]
[WhiteElo "2770"]
[BlackElo "2773"]
[EventDate "2020.09.15"]

1. Nf3 d5 2. e3 Nf6 3. c4 e6 4. b3 c5 5. Bb2 Nc6 6. cxd5 exd5 7. Bb5 Bd6 8.
O-O O-O 9. d4 cxd4 10. Nxd4 Bc7 11. Nd2 Qd6 12. N4f3 Bg4 13. Rc1 Rfe8 14.
h3 Bh5 15. Re1 Rac8 16. Nf1 Ba5 17. Re2 Bxf3 18. gxf3 Nh5 19. Rec2 Qg6+ 20.
Kh1 Qf5 21. Kg2 Re6 22. f4 Rg6+ 23. Kh2 Qe4 24. Ng3 Nxg3 25. Bd3 Qe6 26.
Bxg6 hxg6 27. Kxg3 Re8 28. Rc5 d4 29. Rxc6 bxc6 30. Qxd4 f6 31. Qxa7 Bd2
32. Rd1 Bb4 33. Qd7 Qxd7 34. Rxd7 Ra8 35. a4 Rb8 36. Rc7 c5 37. Rd7 Ba5 38.
Rd5 Rxb3 39. Rxc5 Bb6 40. Rb5 Rxb5 41. axb5 Kf7 42. e4 Ke6 43. Ba3 f5 44.
f3 Bd4 45. Bb4 Kd7 46. exf5 gxf5 47. Kh4 Kc7 48. Kg5 Kb6 49. Bd6 Kxb5 50.
Be5 1-0

[Event "Saint Louis Blitz 2020"]
[Site "Internet"]
[Date "19.09.2020"]
[Round "17B"]
[White "Dominguez Perez,L"]
[Black "Nepomniachtchi,I"]
[Result "1/2-1/2"]
[WhiteElo "2758"]
[BlackElo "2784"]
[EventDate "2020.09.15"]

1. e4 c5 2. Nf3 d6 3. d4 cxd4 4. Nxd4 Nf6 5. Nc3 a6 6. Be2 e6 7. Be3 Qc7 8.
Qd2 b5 9. a3 Bb7 10. f3 Nbd7 11. O-O-O Be7 12. Ndxb5 axb5 13. Nxb5 Qc8 14.
Nxd6+ Bxd6 15. Qxd6 Ba6 16. Rhe1 Bxe2 17. Rxe2 Qc4 18. Red2 Ra6 19. Qd3 Qa2
20. c3 Rxa3 21. bxa3 Qa1+ 22. Kc2 Qa2+ 23. Kc1 Qa1+ 24. Kc2 Qa2+ 25. Kc1
1/2-1/2

[Event "Saint Louis Blitz 2020"]
[Site "Internet"]
[Date "19.09.2020"]
[Round "17B"]
[White "Firouzja,Alireza"]
[Black "Grischuk,A"]
[Result "1-0"]
[WhiteElo "2728"]
[BlackElo "2777"]
[EventDate "2020.09.15"]

1. e4 e5 2. Nc3 Nf6 3. Bc4 Nc6 4. d3 Bb4 5. Bd2 Bxc3 6. Bxc3 d5 7. exd5
Nxd5 8. Nf3 O-O 9. O-O Bg4 10. h3 Bh5 11. Re1 Re8 12. Qe2 Qd6 13. Qe4 Nf6
14. Qf5 Bxf3 15. Qxf3 Re7 16. Re3 a6 17. Rae1 Rae8 18. a4 h6 19. g3 a5 20.
R3e2 b6 21. Bb5 Nd5 22. Bxc6 Qxc6 23. Rxe5 Rxe5 24. Rxe5 Rxe5 25. Bxe5 Qe6
26. Qe4 f6 27. Bf4 Kf7 28. c4 Qxe4 29. dxe4 Nxf4 30. gxf4 Ke6 31. Kg2 Kd6
32. Kg3 Kc5 33. Kg4 g6 34. f5 h5+ 35. Kf4 g5+ 36. Ke3 Kxc4 37. e5 Kd5 38.
e6 Kd6 39. f3 c6 40. Kd4 Ke7 41. Kc4 Kd6 42. b4 axb4 43. Kxb4 Ke7 44. a5
bxa5+ 45. Kxa5 Kd6 46. Kb6 h4 47. Ka5 Kc7 48. Kb4 Kc8 49. Kc4 Kd8 50. Kd4
Kc8 51. Kc5 Kc7 52. e7 Kd7 53. e8=Q+ Kxe8 54. Kxc6 Ke7 55. Kc7 1-0

[Event "Saint Louis Blitz 2020"]
[Site "Internet"]
[Date "19.09.2020"]
[Round "18B"]
[White "Nepomniachtchi,I"]
[Black "Firouzja,Alireza"]
[Result "1-0"]
[WhiteElo "2784"]
[BlackElo "2728"]
[EventDate "2020.09.15"]

1. b3 e5 2. Bb2 Nc6 3. Nf3 d6 4. d4 e4 5. d5 exf3 6. dxc6 bxc6 7. gxf3 Nf6
8. Qd4 Be6 9. Rg1 c5 10. Qa4+ Nd7 11. Nc3 Rg8 12. Ne4 f6 13. e3 Kf7 14.
O-O-O Nb6 15. Qa5 Qe7 16. Bb5 h6 17. Bc6 Rd8 18. Qxa7 d5 19. Nc3 Qd6 20.
Bb7 Be7 21. Qa6 c4 22. Nb5 Qxh2 23. Nd4 Qxf2 24. e4 Bc8 25. Bxc8 Rxc8 26.
exd5 Ra8 27. Qb7 Bd6 28. Nf5 Bf4+ 29. Kb1 Rxa2 30. Qc6 Rxb2+ 31. Kxb2 Be5+
32. Kb1 1-0

[Event "Saint Louis Blitz 2020"]
[Site "Internet"]
[Date "19.09.2020"]
[Round "18B"]
[White "Aronian,L"]
[Black "Dominguez Perez,L"]
[Result "1/2-1/2"]
[WhiteElo "2773"]
[BlackElo "2758"]
[EventDate "2020.09.15"]

1. e4 c5 2. Nf3 d6 3. d4 cxd4 4. Nxd4 Nf6 5. Nc3 a6 6. Be3 e5 7. Nf3 Be7 8.
Bc4 O-O 9. O-O Nc6 10. Qe2 Na5 11. Bd5 Bd7 12. Rfd1 Rc8 13. a4 Qc7 14. Bg5
Be6 15. Bxf6 Bxf6 16. Nd2 Nc6 17. Bb3 Nd4 18. Qd3 h6 19. h3 Bg5 20. Ra3
Bxd2 21. Rxd2 Bxb3 22. cxb3 b5 23. axb5 axb5 24. Ne2 Nc2 25. Qxb5 Nxa3 26.
bxa3 Rb8 27. Qd3 Rfc8 28. b4 Ra8 29. Rb2 Qc4 30. Qe3 Rab8 31. Rb3 d5 32.
exd5 Qxd5 33. Rd3 Qc4 34. Ng3 Qc1+ 35. Kh2 Qxe3 36. Rxe3 Rc2 37. Ne4 f5 38.
Nc5 e4 39. f3 exf3 40. Rxf3 Ra2 41. h4 Re8 42. Kg3 Ree2 43. Kf4 Rxg2 44.
Kxf5 Rge2 45. a4 Reb2 46. Rf4 Kf7 47. Ke5+ Ke7 48. Kd5 Rf2 49. Re4+ Kf6 50.
a5 g5 51. hxg5+ hxg5 52. a6 Rfc2 53. Kd6 Kf5 54. Re8 Rxc5 55. bxc5 Rxa6+
56. c6 g4 57. Rf8+ Ke4 58. Kc5 Rxc6+ 59. Kxc6 g3 60. Rg8 Kf3 61. Kd5 g2 62.
Kd4 Kf2 63. Rxg2+ Kxg2 1/2-1/2

[Event "Saint Louis Blitz 2020"]
[Site "Internet"]
[Date "19.09.2020"]
[Round "18B"]
[White "Nakamura,Hi"]
[Black "Xiong,Jeffery"]
[Result "1-0"]
[WhiteElo "2736"]
[BlackElo "2709"]
[EventDate "2020.09.15"]

1. e4 e5 2. Ke2 Nf6 3. d3 d5 4. Nd2 Nc6 5. c3 b6 6. Qc2 Bb7 7. Ngf3 Qd7 8.
b4 O-O-O 9. a3 Kb8 10. Bb2 g6 11. Ke1 Bh6 12. Rd1 Rhe8 13. Be2 Nh5 14. b5
Na5 15. c4 Nf4 16. Bf1 dxc4 17. dxc4 f5 18. c5 fxe4 19. c6 Nxc6 20. bxc6
Bxc6 21. Nxe5 Nd3+ 22. Bxd3 exd3 23. Qc4 Bxg2 24. Rg1 Bb7 25. Qh4 Qf5 26.
Qxh6 Rxe5+ 27. Bxe5 Qxe5+ 28. Qe3 Qxh2 29. Kf1 Qh5 30. f3 Bc6 31. Qg5 Qh3+
32. Kf2 Qh2+ 33. Rg2 Qd6 34. Re1 Rf8 35. Kg1 Rf5 36. Qe7 Qf4 37. Qd8+ Kb7
38. Qxd3 Rd5 39. Qe3 Qh4 40. Qf2 Qa4 41. Re3 Qd1+ 42. Qe1 Qa4 43. Rc3 Rh5
44. Rg4 Qa5 45. Qc1 Qe5 46. Nf1 Qe6 47. Rgc4 Bb5 48. Rxc7+ Ka6 49. a4 Be2
50. Re3 Rg5+ 51. Kf2 Qh3 52. Kxe2 1-0